Criteria and indicators for sustainable forest management

Bibliographic Details
Other Authors: Brown, A.G, Flinn,D.W, Raison, R.J
Format: Book
Published: Wallingford : CABI Publishing , 2001
Series:IUFO Research Series 7
Subjects:

MARC

LEADER 00000cam a2200000 7i4500
001 0000003861
005 20110801.0
020 0 0 |a 0851993923 
090 0 0 |a 333.75   |b RAIS 2001 
245 1 0 |a Criteria and indicators for sustainable forest management   |c edited by R.J Raison , A.G.Brown & D.W.Flinn 
260 0 0 |a Wallingford :   |b CABI Publishing ,   |c 2001 
300 |a xiv, 462 p. :   |b ill ;   |c 24 cm. 
490 0 1 |a IUFO Research Series 7 
504 0 0 |a Includes bibliographical references 
650 0 0 |a Forest management 
650 0 0 |a Sustainable forestry 
700 0 1 |a Brown, A.G 
700 0 1 |a Flinn,D.W 
700 0 1 |a Raison, R.J 
998 |a JPSM 
999 |a 007371   |b Monograph   |c Open Shelf   |e Default branch